[Event "Tournoi Skype 025A"]
[Site "Skype"]
[Date "????.??.??"]
[Round "1.1"]
[White "Benson, Paul"]
[Black "Bautista, Leidy"]
[Result "1-0"]
[WhiteElo "2082"]
[BlackElo "1624"]
[PlyCount "69"]

1. d4 d5 2. Nc3 Nf6 3. Bg5 e6 4. e4 dxe4 5. Bxf6 Qxf6 6. Nxe4 Qd8 7. Nf3 Nd7 8.
Bd3 c5 9. dxc5 Nxc5 10. Nxc5 Qa5+ 11. c3 Qxc5 12. Qe2 Bd6 13. O-O Bd7 14. Rad1
Bc6 15. Nd4 O-O 16. Nxc6 Qxc6 17. Bxh7+ Kxh7 18. Qd3+ Kg8 19. Qxd6 Qb5 20. Qd2
Rfd8 21. Qc2 Rd5 22. Rxd5 Qxd5 23. c4 Qa5 24. a3 Rd8 25. Rd1 Rc8 26. g3 b5 27.
c5 b4 28. axb4 Qxb4 29. h4 Kf8 30. c6 Qb6 31. Qh7 Qxc6 32. Qh8+ Ke7 33. Qxg7
Qf3 34. Qd4 Rc7 35. Qd8# 1-0

[Event "Tournoi Skype 025A"]
[Site "Skype"]
[Date "????.??.??"]
[Round "1.2"]
[White "Leyton Calderon, Jairo Oswaldo"]
[Black "Siret, Bernard"]
[Result "0-1"]
[WhiteElo "1624"]
[BlackElo "2073"]
[PlyCount "66"]

1. Nf3 f5 2. b3 e6 3. Bb2 Nf6 4. e3 c5 5. Be2 Nc6 6. O-O Be7 7. d3 b6 8. Nbd2
Bb7 9. c4 Rg8 10. d4 Qc7 11. d5 exd5 12. cxd5 Nxd5 13. Nc4 Nf6 14. Nce5 g5 15.
Bc4 g4 16. Bxg8 Nxg8 17. Qd5 O-O-O 18. Nd2 Nxe5 19. Qxe5 Qc6 20. f3 Bf6 21.
Qxf5 Bxb2 22. Rad1 gxf3 23. gxf3 Ne7 24. Qxh7 Rg8+ 25. Kf2 Qe6 26. Rg1 Rh8 27.
Qc2 Rxh2+ 28. Rg2 Qxe3+ 29. Kxe3 Bd4+ 30. Kd3 Rxg2 31. Qc4 Nc6 32. Kc2 Nb4+ 33.
Kb1 Ba6 0-1

[Event "Tournoi Skype 025A"]
[Site "Skype"]
[Date "????.??.??"]
[Round "1.3"]
[White "Prasath, Malola"]
[Black "Alvarez, Rafael Andres"]
[Result "1-0"]
[WhiteElo "2042"]
[BlackElo "1613"]
[PlyCount "85"]

1. e4 d5 2. Nc3 d4 3. Nce2 e5 4. Ng3 Nc6 5. Nf3 Bd6 6. Bc4 Bg4 7. O-O Qe7 8. d3
h6 9. a3 O-O-O 10. b4 g5 11. h3 Bxf3 12. Qxf3 Qf6 13. Qf5+ Qxf5 14. Nxf5 f6 15.
h4 Nce7 16. h5 Nxf5 17. Be6+ Kb8 18. Bxf5 Ne7 19. Be6 Rhf8 20. g4 b6 21. Bd2 c5
22. Rfb1 cxb4 23. axb4 Kb7 24. b5 Bc5 25. Ra4 Rd6 26. Rba1 Ra8 27. Bf7 Rd7 28.
Ra6 Rc7 29. Kf1 Bd6 30. Bb3 Kc8 31. Rxb6 Kd7 32. Raa6 axb6 33. Rxa8 Bc5 34. Rh8
Ra7 35. Rxh6 Ra1+ 36. Ke2 Rh1 37. Rxf6 Rh4 38. h6 Nc8 39. Bxg5 Rxg4 40. Be6+
Kd8 41. Rf8+ Kc7 42. Rxc8+ Kd6 43. Rc6# 1-0

[Event "Tournoi Skype 025A"]
[Site "Skype"]
[Date "????.??.??"]
[Round "1.4"]
[White "Sauvaget, Joel"]
[Black "Ibarra Cantu, Raul Alberto"]
[Result "0-1"]
[WhiteElo "1608"]
[BlackElo "1972"]
[PlyCount "80"]

1. e4 c5 2. Nc3 g6 3. d3 Bg7 4. Bd2 Nc6 5. Nf3 e6 6. Be2 Nge7 7. O-O O-O 8. a3
d5 9. exd5 exd5 10. Qc1 Nf5 11. Bg5 f6 12. Bd2 Re8 13. Re1 Nfd4 14. Nxd4 Nxd4
15. Qd1 f5 16. Bf3 Rxe1+ 17. Bxe1 Be6 18. g3 Nxf3+ 19. Qxf3 d4 20. Ne2 Bd5 21.
Qf4 Qe7 22. Qd2 Re8 23. Kf1 Bc6 24. Ng1 g5 25. Qd1 Qe5 26. Bd2 Qd5 27. f3 g4
28. Kf2 Re6 29. Bf4 Bh6 30. Bxh6 Rxh6 31. Kg2 Re6 32. Kf2 Re3 33. Kg2 gxf3+ 34.
Kf2 f4 35. c4 Qh5 36. h3 fxg3+ 37. Kxg3 Qg6+ 38. Kf4 Qh6+ 39. Kg3 Qg5+ 40. Kf2
Qg2# 0-1

[Event "Tournoi Skype 025A"]
[Site "Skype"]
[Date "????.??.??"]
[Round "1.5"]
[White "Lambert, Pierre"]
[Black "Gharbi, Said"]
[Result "1-0"]
[WhiteElo "1921"]
[BlackElo "1607"]
[PlyCount "47"]

1. e4 e5 2. Nf3 Nc6 3. Bb5 Bc5 4. O-O Nf6 5. d3 Nd4 6. Ba4 Nxf3+ 7. Qxf3 O-O 8.
c3 a5 9. d4 Bd6 10. Be3 b6 11. Nd2 c5 12. dxc5 bxc5 13. Rfd1 Bb8 14. Bxc5 d6
15. Be3 Bg4 16. Qg3 Qc8 17. f3 Bh5 18. Bb3 Re8 19. Bg5 Nd7 20. Bd5 Ra6 21. Nc4
Nb6 22. Ne3 Nxd5 23. Nxd5 Re6 24. Ne7+ 1-0

[Event "Tournoi Skype 025A"]
[Site "Skype"]
[Date "????.??.??"]
[Round "1.6"]
[White "Vello, Pablo"]
[Black "Ricieri, Vinicius"]
[Result "1-0"]
[WhiteElo "1607"]
[BlackElo "1921"]
[PlyCount "67"]

1. d4 Nf6 2. Nf3 g6 3. e3 Bg7 4. Be2 O-O 5. O-O d6 6. b3 Nbd7 7. Bb2 Qe8 8. c4
e5 9. dxe5 dxe5 10. Nc3 Nh5 11. Nd2 Nhf6 12. Bd3 h6 13. Nce4 Nxe4 14. Bxe4 f5
15. Bd5+ Kh7 16. Bf3 e4 17. Bxg7 Kxg7 18. Be2 g5 19. f3 exf3 20. Rxf3 Ne5 21.
Rg3 Ng6 22. Bh5 Qe5 23. Bxg6 Kxg6 24. Qc1 b6 25. Nf3 Qf6 26. Rb1 Bb7 27. Nh4+
Kh5 28. Nf3 Bxf3 29. Rxf3 Qe5 30. Qe1 Rae8 31. Qg3 Qe4 32. Rc1 c5 33. Qd6 Rd8
34. Rh3+ 1-0

[Event "Tournoi Skype 025A"]
[Site "Skype"]
[Date "????.??.??"]
[Round "1.7"]
[White "Hilton, Stephen"]
[Black "Rejon, Jose Hector"]
[Result "0-1"]
[WhiteElo "1889"]
[BlackElo "1600"]
[PlyCount "58"]

1. d4 d5 2. Nf3 c5 3. Bf4 e6 4. c3 cxd4 5. Qxd4 Nc6 6. Qd1 Nf6 7. e3 Bd6 8. Bg3
e5 9. Be2 Bf5 10. Nbd2 O-O 11. O-O h6 12. Bb5 Qc7 13. h3 a6 14. Ba4 Bd3 15. Re1
e4 16. Bxd6 Qxd6 17. Nd4 Nxd4 18. cxd4 Rfc8 19. Nb1 b5 20. Bb3 a5 21. a4 b4 22.
Nd2 Ra6 23. Rc1 Rxc1 24. Qxc1 Rc6 25. Qd1 Qc7 26. Qa1 Qc8 27. Qa2 Rc1 28. Rd1
Rxd1+ 29. Bxd1 Qc1 0-1

[Event "Tournoi Skype 025A"]
[Site "Skype"]
[Date "????.??.??"]
[Round "1.8"]
[White "Thoune, Jim"]
[Black "Diaz, Jose Garcia"]
[Result "0-1"]
[WhiteElo "1600"]
[BlackElo "1880"]
[PlyCount "66"]

1. Nf3 c5 2. e4 d6 3. c3 Nf6 4. Bb5+ Bd7 5. Bxd7+ Qxd7 6. d3 g6 7. O-O Bg7 8.
h3 Nc6 9. Bg5 h6 10. Be3 e5 11. Na3 a6 12. Nc4 b5 13. Nb6 Qb7 14. Nxa8 Qxa8 15.
Qd2 Qb7 16. Rad1 h5 17. Ng5 O-O 18. f4 exf4 19. Bxf4 Qe7 20. Nf3 b4 21. Bg5 Re8
22. cxb4 Nxb4 23. a3 Nc6 24. Qf2 Qb7 25. Nd2 Re6 26. Nc4 d5 27. exd5 Nxd5 28.
Rfe1 Bd4 29. Ne3 f6 30. Qf3 Ne5 31. Qg3 fxg5 32. Qxg5 Nxe3 33. Rxe3 Bxe3+ 0-1

[Event "Tournoi Skype 025A"]
[Site "Skype"]
[Date "????.??.??"]
[Round "1.9"]
[White "Rico Hernandez, Edgar"]
[Black "Khunte, Aniruddha"]
[Result "1-0"]
[WhiteElo "1871"]
[BlackElo "1598"]
[PlyCount "77"]

1. d4 Nf6 2. c4 e6 3. Nc3 Bb4 4. Qc2 b6 5. a3 Bxc3+ 6. Qxc3 Bb7 7. Nf3 O-O 8.
e3 d6 9. Bd3 Nbd7 10. b4 c5 11. Bb2 Rc8 12. O-O Qc7 13. Rac1 d5 14. Qb3 dxc4
15. Bxc4 Ng4 16. d5 b5 17. Qc3 Ndf6 18. h3 bxc4 19. hxg4 Bxd5 20. g5 Ne8 21.
Nd2 cxb4 22. axb4 Qe7 23. e4 Bb7 24. f4 f6 25. Ba3 Nd6 26. b5 e5 27. Nxc4 Rfd8
28. Qb4 fxg5 29. Nxd6 Qxd6 30. Qb3+ Bd5 31. exd5 Qb6+ 32. Kh2 Qh6+ 33. Kg1 Qb6+
34. Kh2 Qh6+ 35. Qh3 Qxh3+ 36. Kxh3 Rxc1 37. Rxc1 Rxd5 38. Rc8+ Kf7 39. Rc7+
1-0

[Event "Tournoi Skype 025A"]
[Site "Skype"]
[Date "????.??.??"]
[Round "1.10"]
[White "Alvarez, Juan Evangelista"]
[Black "Altinok, Kerim"]
[Result "0-1"]
[WhiteElo "1591"]
[BlackElo "1865"]
[PlyCount "66"]

1. d4 d5 2. Qd3 Nf6 3. Nc3 Nc6 4. Bg5 e6 5. e4 dxe4 6. Nxe4 Be7 7. Nf3 Nb4 8.
Nxf6+ gxf6 9. Qb3 fxg5 10. O-O-O a5 11. Ne5 a4 12. c3 axb3 13. cxb4 bxa2 14.
Kc2 a1=Q 15. Rxa1 Rxa1 16. Bb5+ c6 17. Nxc6 bxc6 18. Bxc6+ Bd7 19. Bxd7+ Qxd7
20. Rxa1 O-O 21. Rd1 Rc8+ 22. Kd3 Qb5+ 23. Ke3 Rc2 24. Rd2 Rxd2 25. Kxd2 Qxb4+
26. Ke3 Bf6 27. Kf3 Qxd4 28. g4 Qf4+ 29. Ke2 Qe4+ 30. Kf1 Bd4 31. b4 Qf3 32.
Ke1 Qxf2+ 33. Kd1 Be3 0-1

[Event "Tournoi Skype 025A"]
[Site "Skype"]
[Date "????.??.??"]
[Round "1.11"]
[White "Deville, Olivier"]
[Black "Casey, Eamonn"]
[Result "1-0"]
[WhiteElo "1850"]
[BlackElo "1581"]
[PlyCount "65"]

1. d4 Nf6 2. c4 e6 3. Nf3 d5 4. g3 c6 5. Qc2 Nbd7 6. Bg2 Be7 7. O-O O-O 8. Nbd2
Re8 9. e4 dxe4 10. Nxe4 Nxe4 11. Qxe4 Nf6 12. Qe2 Bd6 13. Rd1 Qe7 14. c5 Bc7
15. Ne5 Bxe5 16. Qxe5 Bd7 17. Bd2 Ng4 18. Qf4 e5 19. dxe5 Qxe5 20. Qxe5 Nxe5
21. Bc3 Bg4 22. Rd6 Nf3+ 23. Kh1 Re2 24. h3 Bxh3 25. Bxh3 Rxf2 26. Bg2 Ng5 27.
Rad1 h6 28. Rd8+ Rxd8 29. Rxd8+ Kh7 30. Rd7 Ne6 31. Rxb7 Nxc5 32. Rxa7 Nd3 33.
Be4+ 1-0

[Event "Tournoi Skype 025A"]
[Site "Skype"]
[Date "????.??.??"]
[Round "1.12"]
[White "Sojka, Bernard"]
[Black "Mayor Martinez, Juan Jose"]
[Result "1-0"]
[WhiteElo "2088"]
[BlackElo "1850"]
[PlyCount "33"]

1. g4 d5 2. Bg2 Bxg4 3. c4 e6 4. cxd5 exd5 5. Qb3 Qe7 6. Qxb7 Qc5 7. Nc3 Nf6 8.
Qxa8 Qb6 9. Nxd5 Nxd5 10. Qxd5 Be6 11. Qe4 Bd6 12. Nf3 h6 13. Bh3 Bc5 14. Bxe6
Bxf2+ 15. Kf1 fxe6 16. Qg6+ Kf8 17. e3 1-0

[Event "Tournoi Skype 025A"]
[Site "Skype"]
[Date "????.??.??"]
[Round "1.13"]
[White "Grosso, Raul"]
[Black "Yardimci, Ertan"]
[Result "1-0"]
[WhiteElo "1847"]
[BlackElo "1577"]
[PlyCount "77"]

1. d4 d5 2. c4 Nf6 3. cxd5 Nxd5 4. e4 Nb6 5. Be3 e6 6. Nf3 N8d7 7. Bd3 Nf6 8.
O-O c6 9. h3 Be7 10. Nc3 O-O 11. Rc1 Nbd7 12. Bb1 c5 13. e5 Nd5 14. Nxd5 exd5
15. dxc5 Qc7 16. Qxd5 Rd8 17. Qe4 Nf8 18. b4 Bd7 19. Nd4 Bc6 20. Nxc6 bxc6 21.
Rfd1 g6 22. f4 Nd7 23. Bc2 f5 24. Qc4+ Kg7 25. Bb3 Rf8 26. Qe6 Nb8 27. a4 a5
28. b5 cxb5 29. axb5 a4 30. Bd5 Ra5 31. b6 Qd7 32. Qxd7 Nxd7 33. c6 Nxb6 34.
Bxb6 Rb5 35. Bc7 Bc5+ 36. Rxc5 Rxc5 37. Bd6 Rxc6 38. Bxf8+ Kxf8 39. Bxc6 1-0

[Event "Tournoi Skype 025A"]
[Site "Skype"]
[Date "????.??.??"]
[Round "1.14"]
[White "Mordaa, Ahmad"]
[Black "Ortega, Elvis"]
[Result "0-1"]
[WhiteElo "1563"]
[BlackElo "1838"]
[PlyCount "74"]

1. e4 c5 2. Nf3 d6 3. c3 Nf6 4. Be2 Nbd7 5. d3 e6 6. O-O Be7 7. h3 b6 8. Nbd2
Bb7 9. Re1 O-O 10. Nf1 Qc7 11. Bf4 Rac8 12. N3d2 Ne5 13. Ne3 Ng6 14. Bh2 e5 15.
Rc1 Nf4 16. Bxf4 exf4 17. Nf5 Bd8 18. Nc4 Ne8 19. Bg4 Rb8 20. g3 fxg3 21. fxg3
g6 22. Nfe3 d5 23. Nd2 h5 24. Bxh5 Qxg3+ 25. Ng2 gxh5 26. Qxh5 Nf6 27. Qf5 Bc8
28. Qf1 Bxh3 29. Re3 Qxe3+ 30. Nxe3 Bxf1 31. Rxf1 dxe4 32. Nxe4 Nxe4 33. dxe4
Bg5 34. Nd5 Kg7 35. Rf3 Rg8 36. Rg3 Kf8 37. Kf2 Bh4 0-1

[Event "Tournoi Skype 025A"]
[Site "Skype"]
[Date "????.??.??"]
[Round "1.15"]
[White "Altinok, Selim"]
[Black "Junqueira, Leonardo De Faria"]
[Result "1-0"]
[WhiteElo "1833"]
[BlackElo "1560"]
[PlyCount "89"]

1. Nf3 d5 2. d4 Nf6 3. e3 Bg4 4. c4 e6 5. Nbd2 Nbd7 6. Qb3 Rb8 7. Bd3 Be7 8.
O-O O-O 9. Qc2 c5 10. Ne5 dxc4 11. Ndxc4 cxd4 12. exd4 Rc8 13. Nxg4 Nxg4 14. a4
Ngf6 15. a5 b6 16. axb6 axb6 17. Qb3 Nd5 18. Be3 Nb4 19. Be2 Nd5 20. Bf3 N7f6
21. Ra6 Rb8 22. Rfa1 Qc7 23. g3 Rfc8 24. Be2 Nxe3 25. fxe3 Nd5 26. e4 Nf6 27.
e5 Nd5 28. Ra7 Qd8 29. Bf3 Bg5 30. Rf1 b5 31. Nd6 Rc7 32. Rxc7 Qxc7 33. Bxd5
exd5 34. Nxf7 Rf8 35. Nxg5 Rxf1+ 36. Kxf1 Qc1+ 37. Kg2 Qxg5 38. Qxd5+ Kf8 39.
Qf3+ Kg8 40. e6 Qd2+ 41. Qf2 Qxf2+ 42. Kxf2 Kf8 43. Ke3 Ke7 44. d5 Kd6 45. Kd4
1-0

[Event "Tournoi Skype 025A"]
[Site "Skype"]
[Date "????.??.??"]
[Round "1.16"]
[White "Salazar Ticeran, Antonio"]
[Black "Farthouat, Titoine"]
[Result "0-1"]
[WhiteElo "1558"]
[BlackElo "1831"]
[PlyCount "104"]

1. e4 c5 2. Nf3 Nc6 3. d4 cxd4 4. Nxd4 d6 5. Bb5 Bd7 6. Bxc6 Bxc6 7. Nxc6 bxc6
8. O-O g6 9. Bd2 Bg7 10. Bc3 Nf6 11. f3 O-O 12. Nd2 Nd7 13. Bxg7 Kxg7 14. Nb3
Qb6+ 15. Qd4+ Qxd4+ 16. Nxd4 c5 17. Nb5 Rfc8 18. Nc3 Rcb8 19. Nd5 Kf8 20. Rfd1
Rxb2 21. Ne3 Rab8 22. f4 Nb6 23. f5 Rb4 24. c4 Nxc4 25. Nd5 R4b7 26. fxg6 hxg6
27. Kf2 Rb2+ 28. Kg3 Rc2 29. Rab1 Rbb2 30. Rxb2 Rxb2 31. Rc1 Ne5 32. a4 Nd7 33.
Nc3 Nb6 34. a5 Nc4 35. Na4 Rb3+ 36. Kh4 Nxa5 37. g4 Rb5 38. Nc3 Rb4 39. Ra1 Nc6
40. Ra6 Rb6 41. Rxb6 a6 42. Kg5 Kg7 43. h4 f6+ 44. Kf4 e5+ 45. Ke3 Nd4 46. g5
Kf7 47. Kd3 Ne6 48. Ne2 Nf4+ 49. Nxf4 exf4 50. Kc4 f3 51. Kd5 f2 52. Kxd6 f1=Q
0-1

[Event "Tournoi Skype 025A"]
[Site "Skype"]
[Date "????.??.??"]
[Round "1.17"]
[White "Segura Lozano, Marcos Antonio"]
[Black "Perez Fermin, Jose"]
[Result "1-0"]
[WhiteElo "1828"]
[BlackElo "1550"]
[PlyCount "87"]

1. d4 d5 2. e3 Nf6 3. c4 c6 4. Nc3 Bf5 5. Be2 h6 6. Nf3 Nbd7 7. O-O Qc7 8. Bd2
e5 9. h3 Be7 10. Rc1 e4 11. Ne1 Qd6 12. a3 O-O 13. cxd5 cxd5 14. Nb5 Qb6 15. b4
a6 16. Nc3 Rac8 17. Qb3 Be6 18. Na4 Qa7 19. Nc5 Bd6 20. Nxe6 fxe6 21. Rxc8 Rxc8
22. g3 Nb6 23. Kg2 Qb8 24. Rh1 Qc7 25. h4 h5 26. Kh3 Qf7 27. f4 exf3 28. Nxf3
Ne4 29. Be1 Qf5+ 30. Kh2 Rf8 31. Qd1 Qg4 32. Ne5 Nf2 33. Bxg4 Nxd1 34. Bxd1 Nc4
35. Nxc4 dxc4 36. Bxh5 Rc8 37. Bc3 Rf8 38. Kg2 Rf6 39. e4 Be7 40. e5 Rh6 41.
Be8 b5 42. Bd2 Rh8 43. Bd7 Kf7 44. Rf1+ 1-0

[Event "Tournoi Skype 025A"]
[Site "Skype"]
[Date "????.??.??"]
[Round "1.18"]
[White "Le Brun, Yves"]
[Black "Martinez Quintero, Javier"]
[Result "0-1"]
[WhiteElo "1546"]
[BlackElo "1821"]
[PlyCount "48"]

1. e4 c5 2. c3 d5 3. e5 d4 4. Qc2 Nc6 5. Bb5 Bd7 6. Nf3 Nxe5 7. Nxe5 Bxb5 8.
Nxf7 Kxf7 9. Qb3+ e6 10. Qxb5 Qb6 11. Qe2 Nf6 12. d3 Bd6 13. Na3 Qc6 14. O-O b5
15. Re1 Rae8 16. Bd2 e5 17. Rac1 e4 18. c4 b4 19. Nc2 Re5 20. Bf4 exd3 21. Qd2
Rxe1+ 22. Rxe1 Bxf4 23. Qxf4 dxc2 24. Qe5 Re8 0-1

[Event "Tournoi Skype 025A"]
[Site "Skype"]
[Date "????.??.??"]
[Round "1.20"]
[White "Tiberio, Pedro"]
[Black "Dal, Ibrahim"]
[Result "0-1"]
[WhiteElo "1538"]
[BlackElo "1803"]
[PlyCount "45"]

1. e4 c6 2. d4 d5 3. e5 Bf5 4. h4 h5 5. Nf3 e6 6. Bg5 Qa5+ 7. Nc3 Bb4 8. Bd2
Ne7 9. a3 Bxc3 10. Bxc3 Qc7 11. Bb4 a5 12. Bxe7 Qxe7 13. Bd3 Bxd3 14. Qxd3 Nd7
15. O-O-O b5 16. Rhg1 b4 17. a4 c5 18. Qb5 cxd4 19. Rxd4 Qc5 20. Qd3 Rc8 21.
Kb1 Qc7 22. Qe2 g6 23. b3 0-1

[Event "Tournoi Skype 025A"]
[Site "Skype"]
[Date "????.??.??"]
[Round "1.21"]
[White "Karia, Vijay"]
[Black "Legueltel, Daniel"]
[Result "1-0"]
[WhiteElo "1803"]
[BlackElo "1528"]
[PlyCount "43"]

1. e4 e5 2. Bc4 Nf6 3. d3 Be7 4. Nc3 Nc6 5. f4 d6 6. Nf3 exf4 7. Bxf4 Bg4 8.
O-O Bxf3 9. Qxf3 Ne5 10. Bxe5 dxe5 11. Qg3 Qd4+ 12. Kh1 O-O 13. Rf5 c6 14. Qxe5
Qxe5 15. Rxe5 Bd6 16. Rf5 Rae8 17. Raf1 Re7 18. d4 Ng4 19. e5 Bb4 20. Nd1 Bd2
21. h3 Be3 22. hxg4 1-0

[Event "Tournoi Skype 025A"]
[Site "Skype"]
[Date "????.??.??"]
[Round "1.22"]
[White "Ramirez Reina, Orlando"]
[Black "Murgia, Stefano"]
[Result "0-1"]
[WhiteElo "1527"]
[BlackElo "1796"]
[PlyCount "60"]

1. d4 f5 2. Bg5 g6 3. c4 Bg7 4. Nc3 d6 5. e4 Nc6 6. exf5 Bxf5 7. Nf3 Qd7 8. a3
Nh6 9. Bxh6 Bxh6 10. h3 O-O-O 11. d5 Ne5 12. Nh4 e6 13. Nxf5 exf5 14. Be2 g5
15. O-O g4 16. h4 f4 17. g3 Rdf8 18. Qa4 Qxa4 19. Nxa4 f3 20. Bd1 Nxc4 21. b3
Nd2 22. Re1 Re8 23. Bc2 Bg7 24. Rad1 Re2 25. Bf5+ Kd8 26. Bxg4 Rhe8 27. Rxe2
Rxe2 28. Rc1 Bd4 29. Nc3 Rxf2 30. Bxf3 Nxf3+ 0-1

[Event "Tournoi Skype 025A"]
[Site "Skype"]
[Date "????.??.??"]
[Round "1.23"]
[White "Saponara, Jose Maria"]
[Black "Aranzubia, Desiderio"]
[Result "1-0"]
[WhiteElo "1774"]
[BlackElo "1525"]
[PlyCount "67"]

1. e4 c5 2. Nc3 Nc6 3. f4 e6 4. Nf3 d6 5. Bb5 Bd7 6. d3 a6 7. Bxc6 Bxc6 8. O-O
Nf6 9. Qe1 Be7 10. Qg3 O-O 11. Qh3 c4 12. Be3 cxd3 13. cxd3 d5 14. e5 Nd7 15.
Nd4 Rc8 16. Rf3 Bc5 17. Rg3 Bxd4 18. Bxd4 f5 19. Qh6 g6 20. Ne2 Qe7 21. Bf2 Qg7
22. Qg5 b5 23. Nd4 Rfe8 24. h4 Bb7 25. h5 Kf7 26. hxg6+ hxg6 27. Rh3 Rh8 28.
Bh4 Rce8 29. Rc1 Rh5 30. Qg3 Rc8 31. Rxc8 Bxc8 32. Nc6 Nf8 33. Qe3 Kg8 34. Ne7+
1-0

[Event "Tournoi Skype 025A"]
[Site "Skype"]
[Date "????.??.??"]
[Round "1.24"]
[White "Chavero, Victor"]
[Black "Calcino, Luis"]
[Result "0-1"]
[WhiteElo "1525"]
[BlackElo "1707"]
[PlyCount "90"]

1. d4 d5 2. Nf3 Nc6 3. a3 Bg4 4. Nbd2 e6 5. b3 Nf6 6. Bb2 Qd7 7. e3 Ne4 8. Be2
Nxd2 9. Nxd2 Bxe2 10. Qxe2 O-O-O 11. O-O Bd6 12. c4 f6 13. c5 Be7 14. b4 Rdg8
15. Rac1 Nd8 16. b5 c6 17. Bc3 cxb5 18. Ba5 e5 19. Bxd8 Kxd8 20. Nb3 Re8 21.
Na5 Qc7 22. Qxb5 Kc8 23. c6 b6 24. Qa6+ Kb8 25. Qb7+ Qxb7 26. Nxb7 Bxa3 27. Rc3
Bb4 28. Rb3 a5 29. Ra1 Kc7 30. Rc1 exd4 31. exd4 Re6 32. Kf1 Rxc6 33. Rxc6+
Kxc6 34. Nd8+ Rxd8 35. Rb1 Re8 36. Rc1+ Kb5 37. g3 Ka4 38. Kg2 Kb3 39. Rc7 Re7
40. Rc6 b5 41. Rc8 a4 42. Rd8 a3 43. Rxd5 a2 44. Rxb5 a1=Q 45. d5 Qa6 0-1

[Event "Tournoi Skype 025A"]
[Site "Skype"]
[Date "????.??.??"]
[Round "1.25"]
[White "Sepulveda, Lyda Marcela"]
[Black "Calderon, Francisco"]
[Result "0-1"]
[WhiteElo "1683"]
[BlackElo "1516"]
[PlyCount "100"]

1. e4 e5 2. Nf3 Nf6 3. Nc3 Bb4 4. d3 Bxc3+ 5. bxc3 Nc6 6. Ba3 d6 7. h3 O-O 8.
Be2 a6 9. O-O Re8 10. Re1 b5 11. Rb1 Ne7 12. Bf1 Be6 13. Rb2 Ng6 14. d4 Bd7 15.
Bd3 Qc8 16. dxe5 Nxe5 17. Nxe5 Rxe5 18. f4 Re8 19. Qf3 Bc6 20. g4 Qb7 21. Rb4
Nd5 22. Rb3 Re7 23. c4 Nf6 24. cxb5 axb5 25. g5 Nxe4 26. Bxe4 Bxe4 27. Qf2 Rae8
28. Bb2 c5 29. Rd1 Qc6 30. Qd2 d5 31. Be5 Qb6 32. Kh2 Ra8 33. Rdb1 Ra5 34. c4
Bxb1 35. Rxb1 dxc4 36. Rd1 Ra8 37. Qb2 Qg6 38. Qa3 Ree8 39. Qb2 b4 40. Rd5 c3
41. Qb3 Ra3 42. Qd1 Rxa2+ 43. Kg3 f6 44. Rd7 c2 45. Qd5+ Kh8 46. Rxg7 Ra3+ 47.
Kf2 Qxg7 48. Bxf6 Qxf6 49. gxf6 c1=Q 50. Qd7 Qc2+ 0-1

[Event "Tournoi Skype 025A"]
[Site "Skype"]
[Date "????.??.??"]
[Round "1.27"]
[White "Khetre, Gaurav"]
[Black "Rajpurohit, Dinesh"]
[Result "0-1"]
[WhiteElo "1677"]
[BlackElo "1503"]
[PlyCount "64"]

1. d4 e6 2. c4 Nf6 3. Nf3 d5 4. g3 c6 5. Bg2 Na6 6. O-O Be7 7. Nc3 O-O 8. Ne5
Nc7 9. Bd2 Bd7 10. Rc1 Nce8 11. Qc2 Nd6 12. b3 Nf5 13. e3 Bd6 14. Nd3 Rc8 15.
f3 h6 16. Ne2 Bc7 17. Nc5 b6 18. Nd3 c5 19. dxc5 bxc5 20. Nxc5 Bb6 21. Nxd7
Qxd7 22. Qd3 Rfd8 23. g4 Nh4 24. Nf4 dxc4 25. Qxd7 Rxd7 26. Rfd1 c3 27. Be1
Rxd1 28. Rxd1 c2 29. Rc1 Bxe3+ 30. Kf1 Bxc1 31. Ne2 Be3 32. Bxh4 Rd8 0-1

[Event "Tournoi Skype 025A"]
[Site "Skype"]
[Date "????.??.??"]
[Round "1.28"]
[White "Grib, Johannes"]
[Black "Lovell, Stan"]
[Result "0-1"]
[WhiteElo "1500"]
[BlackElo "1672"]
[PlyCount "64"]

1. d4 Nf6 2. e3 g6 3. f4 Bg7 4. Nf3 d6 5. Bd3 O-O 6. O-O Nc6 7. c3 e5 8. fxe5
dxe5 9. Nbd2 Re8 10. Bc4 exd4 11. exd4 Be6 12. Bxe6 Rxe6 13. Ng5 Re8 14. Qb3
Qd7 15. Qxb7 Rab8 16. Qa6 h6 17. Ngf3 Rb6 18. Qa4 Rbb8 19. Qc4 Nd5 20. Nb3 Nce7
21. Nc5 Qd8 22. Na6 Rb6 23. Ne5 Bxe5 24. dxe5 Nf5 25. g4 Nfe3 26. Bxe3 Nxe3 27.
Qxf7+ Kh8 28. Nxc7 Re7 29. Qf8+ Qxf8 30. Rxf8+ Kg7 31. Ra8 Rxc7 32. h3 Rxb2 0-1

[Event "Tournoi Skype 025A"]
[Site "Skype"]
[Date "????.??.??"]
[Round "1.30"]
[White "Navghane, Rahul"]
[Black "L'Herbon De Lussats, Jean"]
[Result "1-0"]
[WhiteElo "1480"]
[BlackElo "1661"]
[PlyCount "101"]

1. e4 c5 2. d4 cxd4 3. Qxd4 Nc6 4. Qd1 e5 5. a3 Nf6 6. Nc3 Bc5 7. Be3 Bxe3 8.
fxe3 O-O 9. Be2 d6 10. h3 a6 11. Nf3 b5 12. b4 Be6 13. O-O d5 14. exd5 Nxd5 15.
Ne4 Nxe3 16. Qxd8 Raxd8 17. Rfc1 f6 18. Bd3 Nd4 19. Nxd4 Rxd4 20. Nc5 Bd5 21.
c3 Rf4 22. Re1 Bxg2 23. Rxe3 Bd5 24. Rd1 Ra8 25. Be2 Bc6 26. Ne6 Rh4 27. Kh2 g5
28. Rd6 Rc8 29. Rd8+ Rxd8 30. Nxd8 Be4 31. Kg3 f5 32. Kh2 Rf4 33. Kg1 g4 34.
Ne6 gxh3 35. Nxf4 exf4 36. Rxh3 Kg7 37. Rh4 f3 38. Bf1 Kg6 39. Kf2 h5 40. c4
Kg5 41. Rh2 Kg4 42. cxb5 axb5 43. Bxb5 h4 44. a4 h3 45. Bf1 f4 46. b5 Bf5 47.
Bxh3+ Kg5 48. Bxf5 Kxf5 49. Kxf3 Ke5 50. Rc2 Kd4 51. b6 1-0

[Event "Tournoi Skype 025A"]
[Site "Skype"]
[Date "????.??.??"]
[Round "1.31"]
[White "Engstrom, Olle"]
[Black "Ram, Madhukesh"]
[Result "1-0"]
[WhiteElo "1649"]
[BlackElo "1475"]
[PlyCount "93"]

1. e4 e5 2. Nf3 Nc6 3. Bb5 a6 4. Ba4 Nf6 5. O-O b5 6. Bb3 h6 7. c3 d6 8. h3
Nxe4 9. Bd5 Nxf2 10. Bxc6+ Bd7 11. Bxd7+ Qxd7 12. Rxf2 Be7 13. a4 e4 14. Nh2 d5
15. d4 exd3 16. Qxd3 c6 17. axb5 cxb5 18. Nf3 O-O 19. Be3 Qc6 20. Nd4 Qb7 21.
Nd2 Bd6 22. Nf5 Bb8 23. Qxd5 Qc7 24. Bf4 Qa7 25. Bxb8 Raxb8 26. Nf3 Rfe8 27.
N3d4 Rbd8 28. Qxd8 Rxd8 29. Nc6 Qc7 30. Nxd8 Qxd8 31. Rxa6 Kh7 32. Rd6 Qg5 33.
Nd4 Qc1+ 34. Kh2 Qe1 35. Re2 Qf1 36. Kg3 g5 37. Rf2 Qd3+ 38. Kh2 Qe4 39. Rxf7+
Kg8 40. Rdf6 Qe5+ 41. g3 h5 42. Rf5 Qe1 43. Rf1 Qe5 44. R7f5 Qe4 45. Rxg5+ Kh7
46. h4 Qc2+ 47. Nxc2 1-0

[Event "Tournoi Skype 025A"]
[Site "Skype"]
[Date "????.??.??"]
[Round "1.32"]
[White "Bhandari, Dattatrey"]
[Black "Vasquez, Oscar"]
[Result "0-1"]
[WhiteElo "1450"]
[BlackElo "1646"]
[PlyCount "142"]

1. Nf3 d5 2. h3 Nf6 3. d4 Bf5 4. Bf4 c6 5. a3 h6 6. Nc3 e6 7. Nd2 Bd6 8. Bxd6
Qxd6 9. e3 Nbd7 10. Be2 O-O 11. g4 Be4 12. Nf3 e5 13. Rg1 c5 14. dxe5 Nxe5 15.
Nxe4 Nxe4 16. Nh4 Qf6 17. Nf3 Rfd8 18. Rg2 d4 19. Nxe5 Qxe5 20. f4 Qe7 21. Kf1
dxe3 22. Qe1 Nd2+ 23. Kg1 Qe4 24. Qg3 Qxc2 25. g5 h5 26. Bxh5 Qxb2 27. Rd1 c4
28. f5 Qd4 29. Be2 c3 30. Rc1 c2 31. h4 Nb3 32. Rxc2 Nd2 33. h5 Rac8 34. Rxc8
Rxc8 35. h6 Qa1+ 36. Kh2 Ne4 37. h7+ Kh8 38. Qxe3 Qe5+ 39. Kg1 Qxf5 40. Bg4 Qc5
41. Qxc5 Rxc5 42. g6 fxg6 43. Bf3 Re5 44. Bxe4 Rxe4 45. Rxg6 Kxh7 46. Rd6 Re3
47. a4 Re4 48. a5 Re5 49. Rd7 Rxa5 50. Rxb7 a6 51. Kf2 Ra3 52. Ra7 Kh6 53. Ke2
g6 54. Kd2 g5 55. Kc2 g4 56. Kb2 Ra5 57. Ra8 Kg7 58. Rd8 Rb5+ 59. Kc3 Rf5 60.
Rd7+ Kg6 61. Rd6+ Rf6 62. Rd5 Rf3+ 63. Kb4 g3 64. Rd6+ Rf6 65. Rd1 Rf2 66. Rg1
g2 67. Kc3 Kg5 68. Kd3 Kg4 69. Ke3 Ra2 70. Kd3 Kg3 71. Kc3 Kh2 0-1

[Event "Tournoi Skype 025A"]
[Site "Skype"]
[Date "????.??.??"]
[Round "1.33"]
[White "Trivedi, Viral"]
[Black "Carballo, Jorge"]
[Result "0-1"]
[WhiteElo "1644"]
[BlackElo "1426"]
[PlyCount "48"]

1. d4 d5 2. Bf4 Nf6 3. e3 e6 4. c3 Bd6 5. Bg3 O-O 6. Bd3 Re8 7. Nf3 Nbd7 8.
Nbd2 e5 9. dxe5 Nxe5 10. Nxe5 Bxe5 11. Bxe5 Rxe5 12. Nf3 Re7 13. Qc2 c5 14. O-O
Bg4 15. Nh4 Ne4 16. f3 Re8 17. fxe4 Qxh4 18. exd5 Rxe3 19. g3 Qe7 20. Bc4 Be2
21. Bxe2 Rxe2 22. Qb3 Qe3+ 23. Kh1 Qe4+ 24. Kg1 Qg2# 0-1